| 000 | 00438nam a2200145Ia 4500 | ||
|---|---|---|---|
| 008 | 210324s9999||||xx |||||||||||||| ||und|| | ||
| 040 | _cSTCPL | ||
| 041 | _hHND | ||
| 082 |
_a891.43 _b-M |
||
| 100 | _aNeal Larry | ||
| 245 | 0 | _aMryganayani | |
| 260 |
_a___ _b___ |
||
| 650 | _aEast Indo-European And Celtic LiteraturesWestern Hindi LiteraturesTHE ORIGINS AND SIGNIFICANTS OF THE EARLY HISTORY OF THE MOVEMENT, LADY GREGORY | ||
| 942 | _cBK | ||
| 999 |
_c10400 _d10400 |
||